000 00430nam a2200169Ia 4500
005 20250423100432.0
008 250422s9999 xx 000 0 und d
020 _a0198603975
050 _aHF 1001 .Q4/
245 0 _aOxford dictionary of business
260 _aOxford
260 _bOxford University Press
260 _c2002
300 _a546 p
650 _aBusiness --Dictionaries. Finance --Dictionaries.
942 _cBK
999 _c33298
_d33298